001027166 001__ 1027166 001027166 005__ 20260302082332.0 001027166 0247_ $$2ISSN$$a0035-1563 001027166 0247_ $$2ISSN$$a1156-3141 001027166 0247_ $$2ISSN$$a2271-3646 001027166 0247_ $$2ISSN$$a2271-3654 001027166 0247_ $$2WOS$$aWOS:001666192300002 001027166 0247_ $$2doi$$a10.1051/metal/2025127 001027166 0247_ $$2datacite_doi$$a10.18154/RWTH-2026-01253 001027166 0247_ $$2SCOPUS$$aSCOPUS:2-s2.0-105029074368 001027166 037__ $$aRWTH-2026-01253 001027166 041__ $$aEnglish 001027166 082__ $$a670 001027166 1001_ $$0P:(DE-82)IDM05970$$aSchulte, Lilly Amanda$$b0$$eCorresponding author$$urwth 001027166 245__ $$aExperimental evaluation of a flexible natural gas and hydrogen burner in the electric arc furnace$$honline, print 001027166 260__ $$aLes Ulis Cedex$$bEDP Sciences$$c2026 001027166 300__ $$a[1]-9 001027166 3367_ $$00$$2EndNote$$aJournal Article 001027166 3367_ $$0PUB:(DE-HGF)16$$2PUB:(DE-HGF)$$aJournal Article$$bjournal$$mjournal 001027166 3367_ $$0PUB:(DE-HGF)7$$2PUB:(DE-HGF)$$aContribution to a book 001027166 3367_ $$2BibTeX$$aARTICLE 001027166 3367_ $$2DRIVER$$aarticle 001027166 3367_ $$2DataCite$$aOutput Types/Journal article 001027166 3367_ $$2ORCID$$aJOURNAL_ARTICLE 001027166 588__ $$aDataset connected to , , , CrossRef, Journals: publications.rwth-aachen.de 001027166 591__ $$aGermany 001027166 591__ $$aItaly 001027166 7001_ $$0P:(DE-82)IDM06221$$aReinicke, Alexander$$b1$$urwth 001027166 7001_ $$0P:(DE-82)IDM00566$$aEchterhof, Thomas$$b2$$urwth 001027166 7001_ $$aGreguoldo, Jacopo$$b3 001027166 7001_ $$aVecchiet, Fabio$$b4 001027166 770__ $$aSpecial Issue on ‘Innovations in Iron and Steelmaking’ / edited by Carlo Mapelli and Davide Mombelli 001027166 773__ $$0PERI:(DE-600)2780264-4$$a10.1051/metal/2025127$$n2$$p202$$tMetallurgical research & technology$$v123$$x2271-3654$$y2026 001027166 8564_ $$uhttps://publications.rwth-aachen.de/record/1027166/files/1027166.pdf$$yOpenAccess 001027166 909CO $$ooai:publications.rwth-aachen.de:1027166$$pdnbdelivery$$pdriver$$pVDB$$popen_access$$popenaire 001027166 9101_ $$0I:(DE-588b)36225-6$$6P:(DE-82)IDM05970$$aRWTH Aachen$$b0$$kRWTH 001027166 9101_ $$0I:(DE-588b)36225-6$$6P:(DE-82)IDM06221$$aRWTH Aachen$$b1$$kRWTH 001027166 9101_ $$0I:(DE-588b)36225-6$$6P:(DE-82)IDM00566$$aRWTH Aachen$$b2$$kRWTH 001027166 9141_ $$y2026 001027166 9151_ $$0StatID:(DE-HGF)0031$$2StatID$$aPeer reviewed article$$x0 001027166 915__ $$0StatID:(DE-HGF)0150$$2StatID$$aDBCoverage$$bWeb of Science Core Collection$$d2024-12-20 001027166 915__ $$0StatID:(DE-HGF)1160$$2StatID$$aDBCoverage$$bCurrent Contents - Engineering, Computing and Technology$$d2024-12-20 001027166 915__ $$0LIC:(DE-HGF)CCBY4$$2HGFVOC$$aCreative Commons Attribution CC BY 4.0 001027166 915__ $$0StatID:(DE-HGF)0100$$2StatID$$aJCR$$bMETALL RES TECHNOL : 2022$$d2024-12-20 001027166 915__ $$0StatID:(DE-HGF)0200$$2StatID$$aDBCoverage$$bSCOPUS$$d2024-12-20 001027166 915__ $$0StatID:(DE-HGF)0113$$2StatID$$aWoS$$bScience Citation Index Expanded$$d2024-12-20 001027166 915__ $$0StatID:(DE-HGF)9900$$2StatID$$aIF < 5$$d2024-12-20 001027166 915__ $$0StatID:(DE-HGF)0510$$2StatID$$aOpenAccess 001027166 915__ $$0StatID:(DE-HGF)0160$$2StatID$$aDBCoverage$$bEssential Science Indicators$$d2024-12-20 001027166 915__ $$0StatID:(DE-HGF)0420$$2StatID$$aNationallizenz$$d2024-12-20$$wger 001027166 915__ $$0StatID:(DE-HGF)0199$$2StatID$$aDBCoverage$$bClarivate Analytics Master Journal List$$d2024-12-20 001027166 9201_ $$0I:(DE-82)525110_20140620$$k525110$$lLehrstuhl für Nachhaltige Thermoprozesstechnik und Institut für Industrieofenbau und Wärmetechnik$$x0 001027166 9201_ $$0I:(DE-82)520000_20140620$$k520000$$lFachgruppe Materialwissenschaft und Werkstofftechnik$$x1 001027166 961__ $$c2026-02-02T08:40:51.058221$$x2026-02-02T08:40:51.058221$$z2026-02-02T08:40:51.058221 001027166 9801_ $$aFullTexts 001027166 980__ $$aI:(DE-82)520000_20140620 001027166 980__ $$aI:(DE-82)525110_20140620 001027166 980__ $$aUNRESTRICTED 001027166 980__ $$aVDB 001027166 980__ $$acontb 001027166 980__ $$ajournal